[Event "II Duchamp Open 2018"]
[Site "Rio de Janeiro"]
[Date "2018.11.20"]
[Round "9"]
[White "Chaves, Jorge Antonio Torre"]
[Black "Maia, Jose Eduardo Bastos"]
[Result "1/2-1/2"]
[WhiteElo "1922"]
[BlackElo "2093"]
[Annotator "NA RC"]
[PlyCount "130"]
[EventDate "2018.11.14"]
[EventType "swiss"]
[EventCountry "BRA"]
[SourceTitle "playchess.com"]
[Source "ChessBase"]
[SourceQuality "1"]
[TimeControl "5400+30"]

{[%evp 9,129,11,22,29,21,7,25,14,11,7,10,-19,-15,-68,-76,-81,-19,-54,-7,32767,0,-24,6,-3,5,-4,7,-2,-8,-9,0,-9,0,0,-8,-10,26,16,30,24,84,80,32767,32767,32767,32767,32767,32767,32767,32767,32767,32767,32767,32767,32767,32767,32767,32767,32767,32767,12,-9,-10,32767,32767,32767,32767,32767,32767,32767,32767,32767,32767,32767,32767,32767,32767,-188,-184,-403,-451,-420,-470,-526,-456,-547,-277,-284,-281,-334,-233,32767,32767,32767,32767,32767,32767,32767,32767,32767,32767,32767,32767,32767,32767,0,0,0,0,0,0,0,0,0,0,0,0,0,0,0,0,0]} 1. Nf3 {[%emt 0:00:00]} d5 {[%emt 0:01:50]} 2. c4 {[%emt 0:00:14]} e6 {[%emt 0:00:14]} 3. d4 {[%emt 0:02:21]} Nf6 {[%emt 0:00:14]} 4. g3 {[%emt 0:01:12]} Be7 {[%emt 0:00:44]} 5. Bg2 {[%emt 0:00:32]} O-O {[%emt 0:00:07]} 6. O-O {[%emt 0:07:40]} c6 {[%emt 0:01:28]} 7. Qc2 {[%emt 0:03:41]} b6 {[%emt 0:00:49]} 8. Rd1 {[%emt 0:02:37]} Nbd7 {[%emt 0:00:17]} 9. Bf4 {[%emt 0:07:18]} Bb7 {[%emt 0:06:11] LiveBook: 682 Games E08: Closed Catalan: Main Line: 7 Qc2} 10. h4 $146 {[%emt 0:08:23]} ({Predecessor:} 10. Ne5 Rc8 11. Nc3 Nh5 12. Bc1 Nhf6 13. e4 Bb4 14. Bg5 Qc7 15. Nxd7 Nxd7 16. a3 Bxc3 17. Qxc3 dxc4 18. Bf4 Qd8 19. Bd6 {0-1 (76) Dominguez Perez,L (2739)-Caruana,F (2822) Saint Louis 2018}) 10... Rc8 {[%emt 0:02:18]} 11. Nbd2 {[%emt 0:04:43]} c5 {[%emt 0:05:16]} 12. dxc5 {[%emt 0:13:07]} Nxc5 {[%emt 0:08:32]} 13. b3 {[%emt 0:17:37]} Qe8 {[%emt 0:03:10]} (13... b5 $5) 14. Be5 {[%emt 0:04:04]} h6 {[%emt 0:06:18]} ({Black should play} 14... Ng4 $17) 15. Qb2 {[%emt 0:00:55]} b5 {[%emt 0:15:05]} 16. cxd5 {[%emt 0:01:37]} Bxd5 {[%emt 0:00:54]} 17. Bd4 {[%emt 0:00:37]} Qc6 {[%emt 0:03:13]} 18. Ne5 {[%emt 0:01:57]} Qb7 {[%emt 0:00:15]} 19. Bxd5 {[%emt 0:01:41]} Qxd5 {[%emt 0:01:44]} 20. Ndf3 {[%emt 0:02:51]} Rfd8 {[%emt 0:02:58]} 21. Rac1 {[%emt 0:02:50]} Qb7 {[%emt 0:01:45]} 22. Rc2 {[%emt 0:06:26]} Nce4 {[%emt 0:13:49]} 23. Rdc1 {[%emt 0:00:44]} Rxc2 {[%emt 0:11:08]} 24. Qxc2 {[%emt 0:02:23]} Ba3 {[%emt 0:03:07]} (24... Nd6 $11) 25. Qc7 {[%emt 0:03:28]} Qxc7 {[%emt 0:02:17]} 26. Rxc7 {[%emt 0:00:02]} Bd6 {[%emt 0:00:31]} 27. Rxa7 {[%emt 0:00:47]} Bxe5 {[%emt 0:01:12]} 28. Bxe5 {[%emt 0:00:02]} Rd1+ {[%emt 0:00:39]} 29. Kg2 {[%emt 0:00:14]} Ng4 {[%emt 0:00:52]} 30. Bd4 {[%emt 0:00:33]} e5 {[%emt 0:00:17]} 31. Be3 {[%emt 0:01:32]} Nc3 {[%emt 0:00:25]} 32. Ng1 {[%emt 0:01:07]} Nxe3+ {[%emt 0:00:24]} 33. fxe3 {[%emt 0:00:07]} Rd2 {[%emt 0:00:14]} 34. a4 {[%emt 0:01:20]} Rb2 {[%emt 0:02:22]} 35. axb5 {[%emt 0:00:44]} Rxb3 {[%emt 0:00:16]} 36. Nf3 {[%emt 0:00:59]} Rxb5 {[%emt 0:00:05]} 37. Ra8+ {[%emt 0:00:46]} Kh7 {[%emt 0:00:03]} 38. Re8 {[%emt 0:00:30]} f6 {[%emt 0:01:28]} 39. Ng1 {[%emt 0:00:28]} Kg6 {[%emt 0:00:22]} 40. Kf3 {[%emt 0:00:22]} h5 {[%emt 0:00:41]} 41. Ra8 {[%emt 0:00:52]} Rb3 {[%emt 0:00:18]} 42. Rd8 {[%emt 0:00:37]} Kf5 {[%emt 0:01:12]} 43. Kf2 {[%emt 0:00:34]} Kg4 {[%emt 0:01:56]} 44. Nf3 $2 {[%emt 0:00:35]} (44. Kg2 {was necessary.}) 44... Rb2 {[%emt 0:00:26]} 45. Ng1 {[%emt 0:00:19]} Ne4+ {[%emt 0:00:13]} 46. Kg2 {[%emt 0:00:43]} Nxg3 {[%emt 0:00:15]} 47. Rg8 {[%emt 0:00:32]} Nxe2 {[%emt 0:02:01]} 48. Rxg7+ {[%emt 0:00:09]} Kf5 {[%emt 0:00:24]} 49. Nxe2 {[%emt 0:01:06]} Rxe2+ {[%emt 0:00:03] Double Attack} 50. Kf3 {[%emt 0:00:10]} Rh2 {[%emt 0:00:48]} 51. e4+ {[%emt 0:00:20]} Ke6 {[%emt 0:00:11]} 52. Kg3 {[%emt 0:00:17]} Rh1 {[%emt 0:01:38]} 53. Rh7 {[%emt 0:00:07]} Rf1 {[%emt 0:00:22]} 54. Rxh5 {[%emt 0:00:37]} Rf4 {[%emt 0:00:03]} 55. Rh7 {[%emt 0:00:30]} Rxe4 {[%emt 0:00:04]} 56. h5 {[%emt 0:00:30]} Kf5 {[%emt 0:00:13]} 57. Rg7 {[%emt 0:00:33]} Re1 {[%emt 0:01:29]} 58. Kg2 {[%emt 0:00:22]} Ra1 {[%emt 0:01:39]} 59. h6 {[%emt 0:00:37]} Ra8 {[%emt 0:00:31]} 60. h7 {[%emt 0:00:17]} Rh8 {[%emt 0:00:05]} 61. Kf3 {[%emt 0:00:56]} e4+ {[%emt 0:02:17]} 62. Ke3 {[%emt 0:00:02]} Ke5 {[%emt 0:00:26]} 63. Re7+ {[%emt 0:00:48]} Kf5 {[%emt 0:00:03]} 64. Rg7 {[%emt 0:00:14]} Ke5 {[%emt 0:01:09]} 65. Re7+ $11 {[%emt 0:00:10]} Kf5 {[%emt 0:00:23] Kxe4+} 1/2-1/2

[Event "II Duchamp Open 2018"]
[Site "Rio de Janeiro"]
[Date "2018.11.20"]
[Round "9"]
[White "Pimentel, Rafael Favarin G."]
[Black "Fucs, Paulo Moses"]
[Result "0-1"]
[WhiteElo "1886"]
[BlackElo "2016"]
[Annotator "NA RC"]
[PlyCount "106"]
[EventDate "2018.11.14"]
[EventType "swiss"]
[EventCountry "BRA"]
[SourceTitle "playchess.com"]
[Source "ChessBase"]
[SourceQuality "1"]
[TimeControl "5400+30"]

{[%evp 8,80,41,38,23,14,32767,32767,32767,32767,17,11,14,7,52,32767,53,32767,32767,32767,42,28,41,32767,32767,-28,-22,-28,-12,-18,-7,-15,-28,-33,-31,-111,-72,-77,-69,-78,-80,-90,-94,-94,-72,-172,-69,-64,-74,-104,-91,-91,-90,-118,-79,-79,32767,32767,-93,-80,32767,32767,32767,32767,32767,-94,-94,-91,-103,-132,-132,-123,-106,-113,-83]} 1. d4 {[%emt 0:00:00]} Nf6 {[%emt 0:00:15]} 2. c4 {[%emt 0:00:00]} e6 {[%emt 0:00:17]} 3. Nc3 {[%emt 0:00:00]} d5 {[%emt 0:00:20]} 4. Bf4 {[%emt 0:02:27]} c6 {[%emt 0:00:40]} 5. e3 {[%emt 0:00:11]} Bd6 {[%emt 0:01:29] LiveBook: 25 Games} 6. Bxd6 {[%emt 0:04:15]} Qxd6 {[%emt 0:00:41]} 7. Nf3 {[%emt 0:00:10]} Nbd7 {[%emt 0:00:26]} 8. Be2 {[%emt 0:00:18] D35: Queen's Gambit Declined: Exchange Variation} (8. Qc2 O-O 9. Bd3 h6 10. O-O dxc4 11. Bxc4 e5 12. Rad1 Qe7 13. Nh4 Qb4 14. Bb3 Kh8 15. Nf5 Kg8 16. Nxh6+ gxh6 {1-0 (28) Sedlak,N (2622)-Marcetic,N (2314) Belgrade 2014}) 8... O-O {[%emt 0:00:42]} 9. O-O {[%emt 0:00:04]} b6 {[%emt 0:06:09]} 10. Nd2 $146 {[%emt 0:11:09]} ({Predecessor:} 10. Rc1 Bb7 11. Qc2 Rac8 12. Rfd1 Qb8 13. e4 dxe4 14. Nxe4 Nxe4 15. Qxe4 Nf6 {½-½ (62) Sulko,J (2051)-Staffen,R (2050) Slovakia 2017}) 10... e5 {[%emt 0:04:41]} 11. dxe5 {[%emt 0:01:31]} Nxe5 {[%emt 0:03:57]} 12. cxd5 {[%emt 0:03:24]} Nxd5 {[%emt 0:08:12]} 13. Nxd5 {[%emt 0:01:47]} Qxd5 {[%emt 0:05:07]} 14. Nf3 {[%emt 0:00:30]} Qe6 {[%emt 0:02:46]} 15. Nxe5 {[%emt 0:06:28]} Qxe5 {[%emt 0:00:40]} 16. Qd4 {[%emt 0:04:12]} Qxd4 {[%emt 0:01:48]} 17. exd4 {[%emt 0:01:01]} Be6 {[%emt 0:00:12]} 18. Rac1 {[%emt 0:03:07]} Rac8 {[%emt 0:01:55]} 19. Ba6 {[%emt 0:03:22]} Rcd8 {[%emt 0:01:45]} 20. Bc4 {[%emt 0:05:47]} Rfe8 {[%emt 0:03:07]} 21. d5 {[%emt 0:21:29]} (21. Rfd1 $11) 21... cxd5 {[%emt 0:03:03]} 22. Bb5 {[%emt 0:00:04]} Re7 {[%emt 0:00:36]} 23. Rfd1 {[%emt 0:00:29]} g6 {[%emt 0:02:53]} 24. Rd4 {[%emt 0:00:43]} Kg7 {[%emt 0:03:39]} 25. f4 {[%emt 0:01:37]} Bf5 {[%emt 0:05:18]} 26. b4 {[%emt 0:05:20]} (26. Kf2 $17 {was necessary.}) 26... a5 {[%emt 0:04:00]} (26... Re4 $17 27. Rxe4 dxe4) 27. bxa5 {[%emt 0:05:34]} bxa5 {[%emt 0:00:21]} 28. Rc5 {[%emt 0:00:38]} Re4 {[%emt 0:01:19]} 29. Rdxd5 {[%emt 0:01:14]} Rxd5 {[%emt 0:00:19]} 30. Rxd5 {[%emt 0:00:01]} Be6 {[%emt 0:03:50]} 31. Rd8 {[%emt 0:02:51]} Bxa2 {[%emt 0:03:55]} 32. Ra8 {[%emt 0:00:18]} Rxf4 {[%emt 0:01:28]} 33. Rxa5 {[%emt 0:00:08]} Be6 {[%emt 0:00:10]} 34. Be2 {[%emt 0:00:53]} h5 {[%emt 0:00:44]} 35. g3 {[%emt 0:00:35]} Rb4 {[%emt 0:00:21]} 36. Rb5 {[%emt 0:04:27]} Ra4 {[%emt 0:00:41]} 37. Re5 {[%emt 0:00:03]} h4 {[%emt 0:01:01]} 38. gxh4 {[%emt 0:05:41]} Rxh4 {[%emt 0:01:04]} 39. Kg2 {[%emt 0:00:21]} Rd4 {[%emt 0:01:42]} 40. Kg3 {[%emt 0:00:26]} Bd5 $17 {[%emt 0:00:46]} 41. Re8 {[%emt 0:02:52]} Be6 {[%emt 0:03:37]} 42. h3 {[%emt 0:02:08]} Rb4 {[%emt 0:00:11]} 43. Bg4 {[%emt 0:00:24]} Bd5 {[%emt 0:03:03]} 44. Rd8 {[%emt 0:00:18]} Bb3 {[%emt 0:02:09]} 45. Rd7 {[%emt 0:00:46]} Kh6 {[%emt 0:00:41]} 46. Rd6 {[%emt 0:00:47]} Bc2 {[%emt 0:01:50]} 47. Rd2 {[%emt 0:01:02]} Be4 {[%emt 0:00:17]} 48. Ra2 {[%emt 0:02:14]} f5 {[%emt 0:00:18]} 49. Be2 {[%emt 0:00:06]} Rb3+ {[%emt 0:00:34]} 50. Kh2 {[%emt 0:00:50]} Rc3 {[%emt 0:00:50]} 51. Rd2 {[%emt 0:00:27]} Kg5 {[%emt 0:00:16]} 52. Bd1 {[%emt 0:00:48]} Kh4 {[%emt 0:00:22]} 53. Bg4 {[%emt 0:00:34]} fxg4 {[%emt 0:00:35]} 0-1

[Event "II Duchamp Open 2018"]
[Site "Rio de Janeiro"]
[Date "2018.11.20"]
[Round "9"]
[White "Reis, Virginia Lagrange M"]
[Black "Brito, Vicente De Paulo Al"]
[Result "1/2-1/2"]
[WhiteElo "1750"]
[BlackElo "2044"]
[Annotator "NA RC"]
[PlyCount "75"]
[EventDate "2018.11.14"]
[EventType "swiss"]
[EventCountry "BRA"]
[SourceTitle "playchess.com"]
[Source "ChessBase"]
[SourceQuality "1"]
[TimeControl "5400+30"]

{[%evp 11,66,21,42,32767,32767,-30,-20,32767,-17,32767,64,35,44,35,33,27,56,-12,0,32767,32767,32767,126,151,125,119,136,141,122,125,104,124,32767,32767,32767,32767,181,92,32767,0,248,268,242,255,266,297,32767,32767,32767,32767,32767,466,341,492,475,345,433]} 1. e4 {[%emt 0:00:00]} d6 {[%emt 0:00:00]} 2. d4 {[%emt 0:00:00]} Nf6 {[%emt 0:00:00]} 3. Nc3 {[%emt 0:00:14]} g6 {[%emt 0:00:02]} 4. h3 {[%emt 0:00:49]} Bg7 {[%emt 0:00:25]} 5. Nf3 {[%emt 0:00:10]} a6 {[%emt 0:01:15]} 6. Be3 {[%emt 0:00:38] B08: Pirc Defence: Classical System} b5 {[%emt 0:00:19]} (6... O-O 7. a4 Nc6 8. Be2 e6 9. O-O b6 10. d5 exd5 11. exd5 Ne7 12. Bc4 Bb7 13. Qd2 Nf5 14. Bf4 Qd7 15. Rfe1 Rfe8 16. Rxe8+ Rxe8 17. Re1 Rxe1+ 18. Qxe1 {½-½ (63) Caruana,F (2799)-Grischuk,A (2782) Saint Louis 2017}) 7. a3 {[%emt 0:00:51]} Bb7 {[%emt 0:01:32]} 8. Bd3 {[%emt 0:00:58]} O-O {[%emt 0:01:37]} 9. Qd2 {[%emt 0:01:20]} Nbd7 {[%emt 0:07:48] LiveBook: 16 Games} 10. b4 {[%emt 0:06:33] [#]} d5 $2 $146 {[%emt 0:05:35]} ({Predecessor:} 10... c5 $1 $17 {[%mdl 512]} 11. bxc5 dxc5 12. e5 cxd4 13. Bxd4 Nh5 14. Be4 Bxe4 15. Nxe4 {½-½ (25) Bordes Guasch,J (1793)-Zvolanek,L (2167) Olomouc 2017}) 11. e5 {[%emt 0:06:51]} Ne4 {[%emt 0:01:39]} 12. Bxe4 $1 {[%emt 0:00:15]} dxe4 {[%emt 0:00:09]} 13. Ng5 {[%emt 0:00:15]} Nb6 {[%emt 0:10:32]} 14. Ngxe4 {[%emt 0:03:10]} Nc4 {[%emt 0:07:53]} 15. Qe2 {[%emt 0:07:30]} Nxe3 {[%emt 0:00:51]} 16. fxe3 {[%emt 0:01:59]} f6 {[%emt 0:11:55]} 17. Nc5 {[%emt 0:02:42]} Bd5 {[%emt 0:00:13]} 18. Nxd5 {[%emt 0:02:50]} Qxd5 {[%emt 0:00:02] [#]} 19. e6 $1 {[%emt 0:00:59]} f5 {[%emt 0:05:23]} 20. c3 {[%emt 0:02:43]} a5 {[%emt 0:04:23]} 21. O-O {[%emt 0:02:04]} axb4 {[%emt 0:01:34]} 22. axb4 {[%emt 0:00:29]} Rxa1 {[%emt 0:01:00]} 23. Rxa1 {[%emt 0:00:08]} Bh6 {[%emt 0:06:57]} 24. Ra7 {[%emt 0:02:03]} (24. Kf2 $18) 24... f4 {[%emt 0:01:44] [#]} 25. e4 {[%emt 0:02:42]} ({Avoid the trap} 25. Rxc7 $2 f3 $19) ({Better is} 25. exf4 $1 $16 Bxf4 26. Nd7 (26. Qxb5 $2 Qg5 $19)) 25... Qg5 $2 {[%emt 0:05:07]} (25... f3 $1 $11 26. Qxf3 (26. exd5 $2 {perishes.} fxe2 27. Nd3 Rf1+ 28. Kh2 Bf4+ 29. g3 Rd1 $19) (26. gxf3 Qg5+ 27. Kh2 Qf4+ {[%mdl 64] Double Attack} 28. Kg2 Qg5+ 29. Kh2 Qf4+ {[%mdl 64] Double Attack} 30. Kg2 Qg5+ 31. Kh2 $11) 26... Qg5) 26. Qg4 {[%emt 0:11:36]} f3 {[%emt 0:12:08]} 27. Qxg5 {[%emt 0:03:44]} Bxg5 {[%emt 0:05:34]} 28. Rxc7 {[%emt 0:00:30]} Be3+ {[%emt 0:02:31]} 29. Kf1 {[%emt 0:01:35]} fxg2+ {[%emt 0:03:00]} 30. Kxg2 {[%emt 0:00:23]} Rf2+ {[%emt 0:00:08]} 31. Kg3 {[%emt 0:03:26]} Rc2 {[%emt 0:00:20]} 32. Rxe7 {[%emt 0:09:03]} Rxc3 {[%emt 0:00:34]} 33. Re8+ {[%emt 0:02:37]} Kg7 $18 {[%emt 0:00:04]} 34. Re7+ {[%emt 0:06:55]} Kg8 {[%emt 0:00:44]} 35. Re8+ {[%emt 0:00:58]} Kg7 {[%emt 0:00:05]} 36. Kg2 {[%emt 0:03:33]} Bxd4 {[%emt 0:00:48]} 37. Nd7 {[%emt 0:00:28]} Re3 {[%emt 0:03:29]} 38. Re7+ {[%emt 0:04:17]} 1/2-1/2